00537nam a2200169 b 450000500170000000800410001702000230005804000140008104100060009510000190010124500540012026000340017430000250020849000350023350000600026865000390032820240724101659.0211110s9999 xx j 000 1 ENG d a9781472209603qpbk aRDAc3228 2E aConnolly, John 0aConquest / bycJohn Connolly and Jennifer Ridyard aNew York :bHeadline ,c2013. a490 pages ; c23 cm. aThe chronicles of the invaders aThis is the first book in a new series by John Connolly aScience fictionxAdventure stories